Sezónny marketing

Sezónny marketing na obnovenie pestrého zvykového roku a odbúravanie monotónnosti a stereotypu predaja. Pripomenutie zvykov a tradícií najmenej jednou akciou mesačne. Účinné podnety k nákupom. Odlíšenie sa od konkurencie a internacionálna reklama.

Salvato in:
Dettagli Bibliografici
Autore principale: Toman, Miloš
Natura: Capitolo di libro
Lingua:slovacco
Soggetti:
Tags: Aggiungi Tag
Nessun Tag, puoi essere il primo ad aggiungerne!!

MARC

LEADER 00000naa a2200000 4500
001 0145992
005 20230912101137.3
041 0 |a slo 
044 |a SK 
245 1 0 |a Sezónny marketing  |c Miloš Toman 
520 |a Sezónny marketing na obnovenie pestrého zvykového roku a odbúravanie monotónnosti a stereotypu predaja. Pripomenutie zvykov a tradícií najmenej jednou akciou mesačne. Účinné podnety k nákupom. Odlíšenie sa od konkurencie a internacionálna reklama. 
610 2 0 |a obchod 
610 2 0 |a manažment sortimentný 
610 2 0 |a produkty 
610 2 0 |a riadenie predaja 
610 2 0 |a technika predaja 
610 2 0 |a výmena tovarová 
610 2 0 |a psychológia predaja 
610 2 0 |a riadenie vzťahov so zákazníkmi 
610 2 0 |a reklama 
610 2 0 |a konkurencia 
100 1 |a Toman, Miloš